<?xml version="1.0" encoding="UTF-8"?>
<record
    xmlns:xsi="http://www.w3.org/2001/XMLSchema-instance"
    xsi:schemaLocation="http://www.loc.gov/MARC21/slim http://www.loc.gov/standards/marcxml/schema/MARC21slim.xsd"
    xmlns="http://www.loc.gov/MARC21/slim">

  <leader>00885nam a2200205 a 4500</leader>
  <controlfield tag="003">0</controlfield>
  <controlfield tag="005">20250328162635.0</controlfield>
  <controlfield tag="008">050809s19uu    xx            00    eng d</controlfield>
  <datafield tag="050" ind1=" " ind2=" ">
    <subfield code="a">PGS HQ 767.5.P6.P37</subfield>
    <subfield code="b">.B734 2005</subfield>
  </datafield>
  <datafield tag="100" ind1=" " ind2=" ">
    <subfield code="a">Borja, Sean James B.</subfield>
  </datafield>
  <datafield tag="245" ind1=" " ind2=" ">
    <subfield code="a">The perception of the parents of grade six students on the effectiveness of family planning programs in the Philippines /</subfield>
    <subfield code="c">Sean James B. Borja.</subfield>
  </datafield>
  <datafield tag="260" ind1=" " ind2=" ">
    <subfield code="a">Las Pi&#xF1;as City, Philippines :  </subfield>
    <subfield code="b">Southville International School and Colleges,</subfield>
    <subfield code="c">2005.</subfield>
  </datafield>
  <datafield tag="300" ind1=" " ind2=" ">
    <subfield code="a">24 pages :</subfield>
    <subfield code="b">illustrations ;</subfield>
    <subfield code="c">28 cm.</subfield>
  </datafield>
  <datafield tag="504" ind1=" " ind2=" ">
    <subfield code="a">Includes bibliographical references.</subfield>
  </datafield>
  <datafield tag="650" ind1=" " ind2=" ">
    <subfield code="a">Family planning</subfield>
    <subfield code="z">Philippines.  </subfield>
  </datafield>
  <datafield tag="650" ind1=" " ind2=" ">
    <subfield code="a">Family planning services</subfield>
    <subfield code="v">Public opinion</subfield>
    <subfield code="z">Philippines.  </subfield>
  </datafield>
  <datafield tag="650" ind1=" " ind2=" ">
    <subfield code="a">Reproductive health programs</subfield>
    <subfield code="z">Philippines.  </subfield>
  </datafield>
  <datafield tag="650" ind1=" " ind2=" ">
    <subfield code="a">Health education</subfield>
    <subfield code="v">Parental participation</subfield>
    <subfield code="z">Philippines.  </subfield>
  </datafield>
  <datafield tag="942" ind1=" " ind2=" ">
    <subfield code="2">lcc</subfield>
    <subfield code="c">PASS</subfield>
  </datafield>
  <datafield tag="999" ind1=" " ind2=" ">
    <subfield code="c">97346</subfield>
    <subfield code="d">97346</subfield>
  </datafield>
  <datafield tag="952" ind1=" " ind2=" ">
    <subfield code="0">0</subfield>
    <subfield code="1">0</subfield>
    <subfield code="2">lcc</subfield>
    <subfield code="4">0</subfield>
    <subfield code="a">LUX</subfield>
    <subfield code="b">LUX</subfield>
    <subfield code="c">PASS</subfield>
    <subfield code="d">2005-08-09</subfield>
    <subfield code="e">DONATION</subfield>
    <subfield code="l">0</subfield>
    <subfield code="o">PGS HQ 767.5.P6.P37 .B734 2005</subfield>
    <subfield code="p">P1380</subfield>
    <subfield code="r">2014-04-08 00:00:00</subfield>
    <subfield code="w">2014-04-08</subfield>
    <subfield code="y">PASS</subfield>
  </datafield>
</record>
